Business Hotel Astrum Laus ****, Hviezdoslavova ul., Levice

Uložené v:
Podrobná bibliografia
Hlavný autor: Rybár, Viliam, 1987- (Autor)
Ďalší autori: Hulínová, Zdenka, 1957- (Vedúci práce)
Médium: Rukopis Kniha
Jazyk:Slovak
Vydavateľské údaje: Bratislava : STU v Bratislave SvF, 2012
Predmet:
On-line prístup:VAIS
Tagy: Pridať tag
Žiadne tagy, Buďte prvý, kto otaguje tento záznam!

MARC

LEADER 00000ntm a22000003a 4500
001 stu251954
005 20160721135632.8
008 120720s2012----xo------------------slo-d
040 |a STU  |b slo 
041 0 |a slo 
044 |a xo 
100 1 |a Rybár, Viliam,  |d 1987-  |4 aut  |X 50365  |7 A000050365 
245 1 |a Business Hotel Astrum Laus ****, Hviezdoslavova ul., Levice 
260 |a Bratislava :  |b STU v Bratislave SvF,  |c 2012 
650 7 |a technológia stavieb  |2 stusub 
650 7 |a Building Technology  |2 estusub 
650 7 |a zariadenie staveniska  |2 stusub 
700 1 |a Hulínová, Zdenka,  |d 1957-  |4 ths  |u V270  |U SvF Stavebná fakulta  |T SvF Katedra technológie stavieb  |X 853  |U V270  |Y 28  |7 A000000853 
856 4 |a info a plný text  |u http://is.stuba.sk/zp/portal_zp.pl?podrobnosti=83069  |3 VAIS